[Event "Werner-Ott-Open Kreuzberger Sommer 2014"]
[Site "Berlin"]
[Date "2014.07.10"]
[Round "6.1"]
[White "Brüdigam, Martin"]
[Black "Stern, Rene"]
[Result "1/2-1/2"]
[WhiteElo "2328"]
[BlackElo "2527"]
[PlyCount "71"]
[EventDate "2014.??.??"]
[WhiteTeam "SK König Tegel 1949 e.V."]
[BlackTeam "SK König Tegel 1949 e.V."]

1. e4 e5 2. Nf3 Nc6 3. Bb5 a6 4. Ba4 Nf6 5. O-O Be7 6. d3 d6 7. c3 O-O 8. Nbd2
Nd7 9. Re1 Nb6 10. Bb3 Kh8 11. Nf1 f5 12. exf5 Bxf5 13. h3 Bg6 14. Ng3 Bf6 15.
a4 a5 16. Be3 Ra6 17. Ne4 h6 18. Qd2 Bh7 19. Nxf6 Qxf6 20. Nh2 Qg6 21. Rad1 Bg8
22. Bc2 Nd5 23. d4 Qh5 24. b3 Nxe3 25. fxe3 Qg5 26. b4 axb4 27. cxb4 Raa8 28.
d5 Ne7 29. e4 Qh4 30. a5 Ng6 31. Qe3 Nf4 32. Kh1 Qg5 33. Rd2 b6 34. h4 Qg6 35.
Ra1 Nh5 36. Ra3 {(=)} 1/2-1/2

[Event "Werner-Ott-Open Kreuzberger Sommer 2014"]
[Site "Berlin"]
[Date "2014.07.10"]
[Round "6.2"]
[White "Richter, Michael"]
[Black "Niehaus, Frank"]
[Result "1-0"]
[WhiteElo "2491"]
[BlackElo "2200"]
[PlyCount "67"]
[EventDate "2014.??.??"]
[WhiteTeam "SK König Tegel 1949 e.V."]
[BlackTeam "SK König Tegel 1949 e.V."]

1. d4 g6 2. e4 Bg7 3. Nc3 d6 4. Be3 Nd7 5. Qd2 a6 6. h4 h5 7. Nh3 b5 8. Ng5 Bb7
9. a4 c6 10. Be2 Nb6 11. O-O Nf6 12. a5 Nbd7 13. f4 e5 14. f5 Qe7 15. fxg6 fxg6
16. d5 cxd5 17. Nxd5 Bxd5 18. exd5 Bh6 19. Bd3 O-O 20. Bxg6 Ng4 21. Bxh5 Nxe3
22. Qxe3 Nf6 23. Be2 Rac8 24. Rf2 Rxc2 25. Qd3 Rxb2 26. Ne6 Rc8 27. Qg6+ Bg7
28. Raf1 Qa7 29. Kh1 Rxe2 30. Rxf6 Qe7 31. Rf7 Qxh4+ 32. Kg1 Qh6 33. Rf8+ Rxf8
34. Rxf8# 1-0

[Event "Werner-Ott-Open Kreuzberger Sommer 2014"]
[Site "Berlin"]
[Date "2014.07.10"]
[Round "6.3"]
[White "Kalinitschew, Sergey"]
[Black "Lerch, Philipp"]
[Result "0-1"]
[WhiteElo "2426"]
[BlackElo "2197"]
[PlyCount "82"]
[EventDate "2014.??.??"]
[WhiteTeam "SC Kreuzberg e.V."]
[BlackTeam "SK König Tegel 1949 e.V."]

1. Nf3 d5 2. g3 c6 3. Bg2 Bg4 4. d3 Nd7 5. Nbd2 e6 6. O-O Bd6 7. b3 Ne7 8. Bb2
O-O 9. c4 Re8 10. a3 a5 11. Qc2 Bh5 12. e4 Bg6 13. Nh4 dxe4 14. Nxg6 Nxg6 15.
Nxe4 Be7 16. d4 Nf6 17. Nd2 Qc7 18. Nf3 Rad8 19. Rad1 Bd6 20. Rfe1 Be7 21. Re2
Nd7 22. h4 Bf6 23. Rde1 Ne7 24. Ng5 g6 25. Bh3 h6 26. Nf3 Bg7 27. Bc3 Nf6 28.
a4 b6 29. Qb2 Nd7 30. h5 gxh5 31. Qc1 Ng6 32. Bxe6 fxe6 33. Kg2 h4 34. Rxe6
Rxe6 35. Rxe6 Ndf8 36. Re4 hxg3 37. fxg3 Qf7 38. Qe3 Rd7 39. Rg4 Re7 40. Qf2
Qf5 41. Nh2 Qd3 0-1

[Event "Werner-Ott-Open Kreuzberger Sommer 2014"]
[Site "Berlin"]
[Date "2014.07.10"]
[Round "6.4"]
[White "Gaerths, Ronny"]
[Black "Muse, Drazen"]
[Result "1/2-1/2"]
[WhiteElo "2204"]
[BlackElo "2407"]
[PlyCount "63"]
[EventDate "2014.??.??"]
[WhiteTeam "ohne Verein"]
[BlackTeam "SK König Tegel 1949 e.V."]

1. b3 Nf6 2. Bb2 d5 3. e3 g6 4. c4 Bg7 5. cxd5 O-O 6. Nf3 Qxd5 7. Be2 c5 8. O-O
Nc6 9. Nc3 Qd7 10. Na4 b6 11. d4 cxd4 12. Nxd4 Nxd4 13. Qxd4 Qxd4 14. Bxd4 Bb7
15. Rac1 Rfc8 16. Nc3 Ne8 17. Bxg7 Kxg7 18. Rfd1 Nd6 19. Nb5 Nxb5 20. Bxb5 Kf6
21. f3 a6 22. Be2 a5 23. Bb5 g5 24. Kf2 h5 25. e4 h4 26. Ke3 Rxc1 27. Rxc1 Rc8
28. Rxc8 Bxc8 29. g3 hxg3 30. hxg3 e5 31. a3 Ke7 32. g4 1/2-1/2

[Event "Werner-Ott-Open Kreuzberger Sommer 2014"]
[Site "Berlin"]
[Date "2014.07.10"]
[Round "6.5"]
[White "Von Herman, Ulf"]
[Black "Burger, Heinrich"]
[Result "1-0"]
[WhiteElo "2379"]
[BlackElo "2101"]
[PlyCount "77"]
[EventDate "2014.??.??"]
[WhiteTeam "SK König Tegel 1949 e.V."]
[BlackTeam "VfB Hermsdorf e.V."]

1. d4 Nf6 2. c4 e6 3. Nf3 b6 4. Nc3 Bb7 5. Qc2 d5 6. cxd5 exd5 7. Bf4 Bd6 8.
Bxd6 Qxd6 9. e3 a6 10. Bd3 Nc6 11. a3 O-O 12. O-O h6 13. Rfc1 Rfe8 14. b4 b5
15. Bf5 Ne7 16. Ne5 Nxf5 17. Qxf5 Re7 18. Ra2 Bc8 19. Qf3 Bd7 20. Rac2 Be8 21.
Ne2 a5 22. Ng3 Rxe5 23. dxe5 Qxe5 24. Qf5 Qxf5 25. Nxf5 axb4 26. axb4 Ra4 27.
Rb1 Bd7 28. Nd4 Ra7 29. f3 Kf8 30. Rc5 Ke7 31. Nxb5 Bxb5 32. Rxb5 Kd6 33. Rb8
Ra2 34. b5 Re2 35. b6 cxb6 36. R8xb6+ Kc5 37. R1b3 Rxe3 38. Rxe3 Kxb6 39. Re7
1-0

[Event "Werner-Ott-Open Kreuzberger Sommer 2014"]
[Site "Berlin"]
[Date "2014.07.10"]
[Round "6.6"]
[White "Major, Vitalij"]
[Black "Jahnz, Fabian"]
[Result "0-1"]
[WhiteElo "2197"]
[BlackElo "2270"]
[PlyCount "110"]
[EventDate "2014.??.??"]
[WhiteTeam "SC Kreuzberg e.V."]
[BlackTeam "SK König Tegel 1949 e.V."]

1. d4 d5 2. Nf3 c5 3. e3 Nc6 4. c3 e6 5. Bd3 Nf6 6. O-O Bd6 7. Nbd2 O-O 8. dxc5
Bxc5 9. e4 Qc7 10. Qe2 Bd6 11. Re1 Ng4 12. h3 Nge5 13. Bc2 Bd7 14. Nxe5 Nxe5
15. Nb3 dxe4 16. Bxe4 Ng6 17. Bxg6 hxg6 18. Be3 e5 19. Red1 Rfd8 20. Rd2 Be6
21. Rad1 b6 22. Bg5 Rd7 23. h4 f6 24. Be3 Rad8 25. Qf3 Qc4 26. Qg3 Kf7 27. f3
Qa4 28. Nc1 f5 29. b3 Qc6 30. Bg5 Bc5+ 31. Kh1 Rxd2 32. Rxd2 Rxd2 33. Bxd2 Qd5
34. Qe1 e4 35. c4 Qc6 36. Qe2 Bc8 37. fxe4 fxe4 38. Qf1+ Bf5 39. Qf4 Bd6 40.
Qe3 Bc5 41. Qf4 Qf6 42. Ne2 Bd6 43. Qg5 Qa1+ 44. Nc1 Qe5 45. Kg1 Qh2+ 46. Kf2
Be7 47. Qf4 Bxh4+ 48. Ke3 Qg1+ 49. Ke2 Qxg2+ 50. Kd1 Qg1+ 51. Kc2 Qg2 52. Kd1
Qg1+ 53. Kc2 Qg2 54. Kd1 Bg3 55. Qe3 Bf2 0-1

[Event "Werner-Ott-Open Kreuzberger Sommer 2014"]
[Site "Berlin"]
[Date "2014.07.10"]
[Round "6.7"]
[White "Johansson, Thomas"]
[Black "Simon, Ralf-Axel"]
[Result "1/2-1/2"]
[WhiteElo "2193"]
[BlackElo "2230"]
[PlyCount "67"]
[EventDate "2014.??.??"]
[WhiteTeam "Uppsala ASS"]
[BlackTeam "TSG Neuruppin"]

1. d4 d5 2. c4 c6 3. Nf3 Nf6 4. Qb3 dxc4 5. Qxc4 Bf5 6. g3 e6 7. Bg2 Be7 8. O-O
O-O 9. e3 Nbd7 10. Rd1 Qc7 11. Qe2 e5 12. Nc3 e4 13. Nh4 Bg4 14. f3 exf3 15.
Bxf3 Bxf3 16. Qxf3 Rad8 17. Nf5 Rfe8 18. e4 Qb6 19. Kh1 Bf8 20. e5 Nd5 21. Bg5
f6 22. exf6 N5xf6 23. Rd2 Re6 24. d5 Ree8 25. Bxf6 Nxf6 26. Rf1 cxd5 27. Nxd5
Nxd5 28. Rxd5 Qc6 29. Rxd8 Qxf3+ 30. Rxf3 Rxd8 31. Rf2 g6 32. Nh4 Bc5 33. Rc2
Bb6 34. Kg2 1/2-1/2

[Event "Werner-Ott-Open Kreuzberger Sommer 2014"]
[Site "Berlin"]
[Date "2014.07.10"]
[Round "6.8"]
[White "Gebigke, Martin"]
[Black "Lindborg, Petter"]
[Result "0-1"]
[WhiteElo "2152"]
[BlackElo "2222"]
[PlyCount "142"]
[EventDate "2014.??.??"]
[WhiteTeam "SC Kreuzberg e.V."]
[BlackTeam "Solna SS"]

1. d4 e6 2. c4 f5 3. g3 Nf6 4. Bg2 Be7 5. Nf3 O-O 6. O-O d6 7. Nc3 Ne4 8. Qc2
Nxc3 9. Qxc3 a5 10. Re1 Nc6 11. e4 e5 12. d5 Nb8 13. exf5 Bxf5 14. c5 Nd7 15.
c6 bxc6 16. dxc6 Nf6 17. Bd2 Kh8 18. Nh4 Bc8 19. Rad1 Ng8 20. Nf3 Bf6 21. Qc2
Bg4 22. Qa4 Bxf3 23. Bxf3 Bg5 24. Bg2 Bxd2 25. Rxd2 Qb8 26. a3 Qb6 27. Re3 Rab8
28. Qc4 Ne7 29. Rc3 Nf5 30. Bd5 Nd4 31. Kg2 Rf6 32. Qd3 Rbf8 33. Qe3 Qb5 34.
Qe4 Nf3 35. Re2 Ng5 36. Qc4 Qb6 37. Rcc2 Nf3 38. Bxf3 Rxf3 39. b4 Rxa3 40. bxa5
Rxa5 41. Qe6 Rc5 42. Qd7 Qb3 43. Qe7 Kg8 44. Rxc5 Qf3+ 45. Kh3 Qh5+ 46. Qh4
Qxe2 47. Rc1 Qxf2 48. Qc4+ Qf7 49. Qe2 Qf5+ 50. Kg2 h5 51. Ra1 e4 52. Ra7 Rf7
53. Ra8+ Kh7 54. Ra3 d5 55. Ra5 Rf6 56. Rc5 Rd6 57. h3 Qe5 58. Qe3 Qb2+ 59. Kg1
Qa1+ 60. Rc1 Qf6 61. Rf1 Qg6 62. Rd1 Qf6 63. Rf1 Qe5 64. Rf4 Rxc6 65. Kh1 Qa1+
66. Kg2 Qe5 67. g4 Rc3 68. Qf2 Rf3 69. Rxf3 exf3+ 70. Kg1 Qe2 71. Kh1 Qxf2 0-1

[Event "Werner-Ott-Open Kreuzberger Sommer 2014"]
[Site "Berlin"]
[Date "2014.07.10"]
[Round "6.9"]
[White "Heerde, Thomas"]
[Black "Meister, Jakob"]
[Result "0-1"]
[WhiteElo "2005"]
[BlackElo "2478"]
[PlyCount "106"]
[EventDate "2014.??.??"]
[WhiteTeam "SC Weisse Dame e.V."]
[BlackTeam "SK Zehlendorf e.V."]

1. Nf3 c5 2. g3 Nc6 3. Bg2 e5 4. O-O e4 5. Ne1 Nf6 6. d3 exd3 7. Nxd3 d5 8. Nc3
d4 9. Ne4 Nxe4 10. Bxe4 Bg4 11. Re1 Bd6 12. c3 O-O 13. Qc2 Re8 14. Nf4 h6 15.
Bd2 Rc8 16. Rad1 Qe7 17. Bh7+ Kh8 18. Bf5 Bxf5 19. Qxf5 Bxf4 20. Bxf4 Rcd8 21.
h4 b6 22. Kf1 Qb7 23. Kg1 Re6 24. a3 Qe7 25. Kf1 Qd7 26. Qd3 Qd5 27. Qf3 Qxf3
28. exf3 Rxe1+ 29. Rxe1 dxc3 30. bxc3 h5 31. Re4 Rd1+ 32. Ke2 Ra1 33. a4 Kh7
34. g4 Ra2+ 35. Bd2 Kg6 36. Kd3 f6 37. Bf4 Rxf2 38. Re6 Na5 39. Ke3 Rg2 40.
gxh5+ Kxh5 41. Bb8 Nc4+ 42. Kf4 Ra2 43. Kf5 Kh6 44. h5 Kh7 45. h6 Rf2 46. f4
Kxh6 47. Re8 Kh7 48. Re4 Nd2 49. Re7 a6 50. Ba7 Nc4 51. a5 Nxa5 52. Bxb6 Nb3
53. Re3 a5 {ZÜ} 0-1

[Event "Werner-Ott-Open Kreuzberger Sommer 2014"]
[Site "Berlin"]
[Date "2014.07.10"]
[Round "6.10"]
[White "Boetzer, Detlef"]
[Black "Sechting, Martin"]
[Result "1/2-1/2"]
[WhiteElo "2228"]
[BlackElo "2054"]
[PlyCount "31"]
[EventDate "2014.??.??"]
[WhiteTeam "SC Rotation Pankow e.V."]
[BlackTeam "SC Weisse Dame e.V."]

1. d4 d5 2. c4 c5 3. cxd5 Nf6 4. Nc3 Nxd5 5. Nf3 Nxc3 6. bxc3 e6 7. e3 Be7 8.
Bd3 Nc6 9. O-O O-O 10. Bb2 Bf6 11. Nd2 cxd4 12. cxd4 e5 13. Ne4 exd4 14. Nxf6+
Qxf6 15. Be4 Bf5 16. Bxc6 1/2-1/2

[Event "Werner-Ott-Open Kreuzberger Sommer 2014"]
[Site "Berlin"]
[Date "2014.07.10"]
[Round "6.11"]
[White "Kollberg, Lothar"]
[Black "Sidabras, Jonas"]
[Result "1-0"]
[WhiteElo "2177"]
[BlackElo "1707"]
[PlyCount "81"]
[EventDate "2014.??.??"]
[WhiteTeam "SC Zugzwang 95 e.V."]
[BlackTeam "SC Kreuzberg e.V."]

1. d4 d6 2. Nf3 Bg4 3. g3 Bxf3 4. exf3 e6 5. f4 d5 6. Bg2 c5 7. dxc5 Bxc5 8. c4
Nf6 9. Nc3 Bb4 10. O-O O-O 11. cxd5 Bxc3 12. bxc3 exd5 13. c4 Nbd7 14. cxd5 Nb6
15. d6 Qd7 16. Qd3 Rad8 17. Rd1 Rfe8 18. Bb2 Nc8 19. Ba3 h5 20. Rac1 Qe6 21.
Bxb7 Nb6 22. f5 Qe5 23. h4 Ng4 24. Rc2 Qa5 25. Kg2 Re5 26. Bc1 Rxf5 27. Be4 Re5
28. Bf4 Rc5 29. Rxc5 Qxc5 30. Qd4 Qa3 31. Rd2 Nd7 32. Bf3 Ndf6 33. Bg5 Qc1 34.
Bxg4 hxg4 35. Bxf6 gxf6 36. Qxg4+ Kf8 37. Qf4 Qc6+ 38. Kh2 Re8 39. Qxf6 Kg8 40.
d7 Re1 41. d8=Q+ 1-0

[Event "Werner-Ott-Open Kreuzberger Sommer 2014"]
[Site "Berlin"]
[Date "2014.07.10"]
[Round "6.12"]
[White "Wierzbicki, Jirawat"]
[Black "Kaiser, Elmar"]
[Result "0-1"]
[WhiteElo "1804"]
[BlackElo "2163"]
[PlyCount "128"]
[EventDate "2014.??.??"]
[WhiteTeam "SK König Tegel 1949 e.V."]
[BlackTeam "SK Tauberbischofsheim"]

1. e4 c5 2. c3 d6 3. d4 Nf6 4. Bd3 g6 5. Nf3 Bg7 6. O-O O-O 7. Re1 Qc7 8. Nbd2
b6 9. Nf1 Nfd7 10. Ng3 Nc6 11. Be3 e5 12. Rc1 Ne7 13. Qc2 h6 14. h3 c4 15. Be2
f5 16. Bd2 fxe4 17. Nxe4 d5 18. Ng3 e4 19. Nh2 Nf6 20. b3 b5 21. a4 a6 22. Ra1
Bd7 23. axb5 axb5 24. Qb2 Nc6 25. Nhf1 Na5 26. Bd1 Nb7 27. Bc2 g5 28. Ne3 Nd6
29. Bd1 Qc8 30. Nh5 Rxa1 31. Qxa1 Qc6 32. Qb2 Nfe8 33. Ng4 Bxg4 34. Bxg4 Nc7
35. Nxg7 Kxg7 36. Ra1 Ra8 37. Rxa8 Qxa8 38. Bd1 Ne6 39. g3 Qa5 40. Qc1 Qa2 41.
b4 Kf6 42. h4 gxh4 43. gxh4 Nf5 44. Bxh6 Nxh4 45. Bg4 Nf5 46. Bf4 Qa8 47. Be5+
Kg6 48. Qd1 Qg8 49. Bh5+ Kh6+ 50. Kf1 Qg5 51. Bg4 Kg6 52. Ke1 Qh4 53. Qe2 Ng5
54. Bxf5+ Kxf5 55. Qe3 Qg4 56. Bg3 Nf3+ 57. Kf1 Ng5 58. Ke1 Qf3 59. Qxf3+ exf3
60. Kd2 Ne4+ 61. Ke3 Kg4 62. Be5 Nxc3 63. Bd6 Nd1+ 64. Kd2 Nxf2 0-1

[Event "Werner-Ott-Open Kreuzberger Sommer 2014"]
[Site "Berlin"]
[Date "2014.07.10"]
[Round "6.13"]
[White "Ziese, Gerhard"]
[Black "Schmidbauer, Martin"]
[Result "0-1"]
[WhiteElo "1993"]
[BlackElo "2242"]
[PlyCount "111"]
[EventDate "2014.??.??"]
[WhiteTeam "SG Turm Leipzig"]
[BlackTeam "SK Tempelhof 1931 e.V."]

1. d4 Nf6 2. Nf3 c5 3. d5 b5 4. Bg5 Qb6 5. Bxf6 gxf6 6. e4 d6 7. c4 bxc4 8. Qc2
Bg7 9. Nbd2 f5 10. Nxc4 Qb7 11. Bd3 Nd7 12. O-O fxe4 13. Bxe4 Nf6 14. Rad1 Bg4
15. h3 Bh5 16. Rfe1 O-O 17. Na5 Qc7 18. Nc6 Rae8 19. b4 cxb4 20. Nxb4 Qxc2 21.
Bxc2 Rc8 22. Bb3 Rc7 23. Rc1 Rfc8 24. Rc6 Kf8 25. Rec1 Ne8 26. Na6 Rxc6 27.
Rxc6 Rd8 28. Nd2 Be2 29. Nc4 Bd4 30. Ba4 Nf6 31. Nc7 Rb8 32. Bb3 Ne4 33. Na6
Bxf2+ 34. Kh2 Rb7 35. Rc8+ Kg7 36. Rb8 Rxb8 37. Nxb8 Kf6 38. Na5 Nd2 39. Nd7+
Kg5 40. Bc2 h5 41. Nc6 Nf1+ 42. Kh1 Ng3+ 43. Kh2 e6 44. Nd8 exd5 45. Nxf7+ Kf4
46. Nxd6 d4 47. Nc5 Nf1+ 48. Kh1 Ke3 49. Nf5+ Kd2 50. Bb3 d3 51. Ne4+ Ke1 52.
Nxf2 Kxf2 53. Nd4 Ng3+ 54. Kh2 Bf1 55. Bd5 d2 56. Bf3 0-1

[Event "Werner-Ott-Open Kreuzberger Sommer 2014"]
[Site "Berlin"]
[Date "2014.07.10"]
[Round "6.14"]
[White "Hörmann, David"]
[Black "Kohler, Thomas"]
[Result "0-1"]
[WhiteElo "1985"]
[BlackElo "2239"]
[PlyCount "66"]
[EventDate "2014.??.??"]
[WhiteTeam "SC Weisse Dame e.V."]
[BlackTeam "SC Zitadelle Spandau 1977 e.V."]

1. e4 c5 2. Nf3 e6 3. d4 cxd4 4. Nxd4 a6 5. Nc3 b5 6. Bd3 d6 7. O-O Nf6 8. f4
Bb7 9. Qe2 Be7 10. a3 O-O 11. Nf3 e5 12. f5 Nbd7 13. Kh1 Rc8 14. g4 Rxc3 15.
bxc3 d5 16. exd5 Bxd5 17. g5 e4 18. gxf6 exf3 19. Rxf3 Bxf6 20. Bf4 Nc5 21. Kg1
Bxf3 22. Qxf3 Nxd3 23. cxd3 Bxc3 24. Rd1 Bd4+ 25. Kg2 Re8 26. Rd2 g6 27. Re2
Rxe2+ 28. Qxe2 Qd5+ 29. Qe4 Qxe4+ 30. dxe4 Kg7 31. Kf3 Kf6 32. fxg6 hxg6 33.
Bd6 Be5 0-1

[Event "Werner-Ott-Open Kreuzberger Sommer 2014"]
[Site "Berlin"]
[Date "2014.07.10"]
[Round "6.15"]
[White "Schneider, Eckehard"]
[Black "Horstmann, Olaf"]
[Result "0-1"]
[WhiteElo "1772"]
[BlackElo "2182"]
[PlyCount "32"]
[EventDate "2014.??.??"]
[WhiteTeam "Sfrd. Berlin 1903 e.V."]
[BlackTeam "Vereinigung der Schachsportfreun"]

1. e4 Nc6 2. d4 d5 3. e5 Bf5 4. Be3 e6 5. Bd3 Nge7 6. Ne2 Bxd3 7. Qxd3 Nf5 8.
O-O f6 9. Nf4 Qd7 10. exf6 gxf6 11. Re1 O-O-O 12. a3 Bd6 13. c3 Rdg8 14. Kh1 h5
15. Nxh5 {(=)} Qh7 16. Nf4 Bxf4 0-1

[Event "Werner-Ott-Open Kreuzberger Sommer 2014"]
[Site "Berlin"]
[Date "2014.07.10"]
[Round "6.16"]
[White "Hahlbohm, Matthias"]
[Black "Kather, Yannick"]
[Result "0-1"]
[WhiteElo "2102"]
[BlackElo "2009"]
[PlyCount "44"]
[EventDate "2014.??.??"]
[WhiteTeam "TSG Oberschöneweide e.V."]
[BlackTeam "SC Weisse Dame e.V."]

1. e4 c5 2. Nf3 Nc6 3. d4 cxd4 4. Nxd4 g6 5. Nc3 Bg7 6. Be3 Nf6 7. f3 O-O 8.
Qd2 d5 9. Nxc6 bxc6 10. O-O-O Qc7 11. Bh6 Rd8 12. Bxg7 Kxg7 13. g4 Be6 14. g5
Nh5 15. exd5 Bxd5 16. Nxd5 cxd5 17. Bh3 Nf4 18. Bg4 Qe5 19. h4 Rab8 20. c3 Ne2+
21. Kc2 d4 22. Rde1 Rxb2+ 0-1

[Event "Werner-Ott-Open Kreuzberger Sommer 2014"]
[Site "Berlin"]
[Date "2014.07.10"]
[Round "6.17"]
[White "Bub, Volker"]
[Black "Jaeger, Andre"]
[Result "1-0"]
[WhiteElo "2094"]
[BlackElo "1991"]
[PlyCount "97"]
[EventDate "2014.??.??"]
[WhiteTeam "SC Tornado 86 Hochneukirch"]
[BlackTeam "SC Rochade e.V."]

1. g3 c5 2. Bg2 Nc6 3. d3 g6 4. e4 Bg7 5. f4 d6 6. Nf3 e5 7. O-O Nge7 8. f5
gxf5 9. Nh4 f4 10. Qh5 Nd4 11. Rf2 Ng6 12. Nf5 Qf6 13. Nc3 O-O 14. Nd5 Qd8 15.
gxf4 Nxf5 16. exf5 Qh4 17. Qxh4 Nxh4 18. f6 Bh6 19. fxe5 Bxc1 20. Rxc1 dxe5 21.
Re1 Ng6 22. Ne7+ Nxe7 23. fxe7 Re8 24. Rxe5 Be6 25. Rg5+ Kh8 26. Rxc5 Rxe7 27.
Re2 Rd7 28. Kf2 Rg8 29. Bf3 b6 30. Rh5 Bg4 31. Bxg4 Rxg4 32. Kf3 Rg6 33. Rhe5
Kg7 34. Ke3 h6 35. c4 f6 36. Re4 f5 37. Re5 Rf6 38. d4 f4+ 39. Ke4 f3 40. Rf2
Rdf7 41. b3 Rf4+ 42. Ke3 Kg6 43. Re4 R4f6 44. Rg4+ Kh5 45. Rg3 Re7+ 46. Kd3
Ref7 47. b4 Rf5 48. Ke4 Rf4+ 49. Ke3 1-0

[Event "Werner-Ott-Open Kreuzberger Sommer 2014"]
[Site "Berlin"]
[Date "2014.07.10"]
[Round "6.18"]
[White "Oppermann, Peter"]
[Black "Badestein, Hartmut"]
[Result "0-1"]
[WhiteElo "1951"]
[BlackElo "2077"]
[PlyCount "44"]
[EventDate "2014.??.??"]
[WhiteTeam "SK Tempelhof 1931 e.V."]
[BlackTeam "SC Friesen Lichtenberg e.V."]

1. d4 Nf6 2. Nf3 g6 3. c4 Bg7 4. Nc3 O-O 5. e4 d6 6. Bg5 c5 7. d5 h6 8. Be3 a6
9. Be2 b5 10. cxb5 axb5 11. Qc2 b4 12. Nd1 b3 13. Qb1 bxa2 14. Qc2 Na6 15. Bd2
e6 16. Ne3 exd5 17. exd5 Ng4 18. Nxg4 Bxg4 19. O-O Nb4 20. Bxb4 cxb4 21. h3
Bxf3 22. Bxf3 Qf6 0-1

[Event "Werner-Ott-Open Kreuzberger Sommer 2014"]
[Site "Berlin"]
[Date "2014.07.10"]
[Round "6.19"]
[White "Nikolov, Rumen"]
[Black "Schulz, Olaf"]
[Result "1-0"]
[WhiteElo "2071"]
[BlackElo "1987"]
[PlyCount "75"]
[EventDate "2014.??.??"]
[WhiteTeam "Ivis Plus"]
[BlackTeam "SC Rotation Pankow e.V."]

1. e4 c6 2. Ne2 d5 3. e5 Qc7 4. d4 c5 5. c3 Nc6 6. Bf4 e6 7. a3 Nge7 8. Nd2 Ng6
9. Be3 Be7 10. g3 cxd4 11. cxd4 f6 12. exf6 Bxf6 13. Bg2 Qb6 14. Nb3 O-O 15.
O-O a5 16. Qd3 a4 17. Nc5 Na5 18. Nxa4 Qa7 19. b4 Nc4 20. Nac3 Kh8 21. a4 Ne7
22. a5 Bd7 23. Ne4 Bb5 24. Nxf6 gxf6 25. Nc3 Qa6 26. Nxb5 Qxb5 27. Rab1 Nc6 28.
Bh6 Rf7 29. Rfe1 Re7 30. Qf3 f5 31. Bg5 Rg7 32. Bf6 Nd2 33. Qh5 Nxb1 34. Rxe6
Nxb4 35. Bxg7+ Kg8 36. Bf6 Qd7 37. Re7 Qxe7 38. Bxe7 1-0

[Event "Werner-Ott-Open Kreuzberger Sommer 2014"]
[Site "Berlin"]
[Date "2014.07.10"]
[Round "6.20"]
[White "Niechotz, Christopher"]
[Black "Brüning, Wolfgang"]
[Result "1-0"]
[WhiteElo "2070"]
[BlackElo "1912"]
[PlyCount "79"]
[EventDate "2014.??.??"]
[WhiteTeam "SC Kreuzberg e.V."]
[BlackTeam "Queer-Springer SSV Berlin"]

1. c4 e6 2. g3 Nf6 3. Bg2 d5 4. Nf3 Be7 5. O-O O-O 6. b3 c5 7. Bb2 Nc6 8. d3 d4
9. Na3 Rb8 10. Nc2 b6 11. b4 Qc7 12. Bc1 e5 13. b5 Nd8 14. Nxe5 Bd6 15. Nf3 Bb7
16. e3 dxe3 17. Nxe3 Ne6 18. Bb2 Be7 19. Nf5 Rbd8 20. Qe2 Rfe8 21. Rfe1 Nd7 22.
a4 Bf6 23. a5 bxa5 24. Qd2 Bxb2 25. Qxb2 Nf6 26. Qc3 Qb6 27. h3 Bxf3 28. Bxf3
Nd4 29. Rxe8+ Nxe8 30. Nxd4 Rxd4 31. Qxa5 Rxd3 32. Qxb6 axb6 33. Ra8 Kf8 34.
Bc6 Rd1+ 35. Kg2 Re1 36. Rb8 Re6 37. Rxb6 Ke7 38. Rb7+ Kf6 39. Bxe8 Rxe8 40.
Rc7 1-0

[Event "Werner-Ott-Open Kreuzberger Sommer 2014"]
[Site "Berlin"]
[Date "2014.07.10"]
[Round "6.21"]
[White "Schulz, Hartmut"]
[Black "Woinowski, Michael"]
[Result "1-0"]
[WhiteElo "2067"]
[BlackElo "1709"]
[PlyCount "77"]
[EventDate "2014.??.??"]
[WhiteTeam "SC Rotation Pankow e.V."]
[BlackTeam "SC Kreuzberg e.V."]

1. d4 d5 2. c4 e6 3. Nc3 c5 4. e3 Nc6 5. Nf3 Nf6 6. Bd3 Be7 7. O-O O-O 8. dxc5
Bxc5 9. b3 a6 10. cxd5 exd5 11. Bb2 Re8 12. Rc1 Bd6 13. Be2 h6 14. a3 Bf5 15.
b4 Qd7 16. Na4 Qe7 17. Nd4 Bd7 18. Nb6 Qe5 19. g3 Bh3 20. Nxa8 Bxf1 21. Bxf1
Rxa8 22. Qb3 Qe8 23. Nxc6 bxc6 24. Qc3 c5 25. bxc5 Rc8 26. Qa5 Bf8 27. Bxa6 Ra8
28. Bxf6 gxf6 29. c6 Qe6 30. c7 Rxa6 31. Qxa6 Qxa6 32. c8=Q Qxa3 33. Qg4+ Kh7
34. Rd1 Qc5 35. Qf5+ Kg7 36. Qxd5 Qb6 37. h4 Bc5 38. Qf5 Qc7 39. Rc1 1-0

[Event "Werner-Ott-Open Kreuzberger Sommer 2014"]
[Site "Berlin"]
[Date "2014.07.10"]
[Round "6.23"]
[White "Acikel, Mert"]
[Black "Shapiro, Yosip"]
[Result "1/2-1/2"]
[WhiteElo "1707"]
[BlackElo "2104"]
[PlyCount "73"]
[EventDate "2014.??.??"]
[WhiteTeam "SV Mattnetz"]
[BlackTeam "SV Berolina Mitte e.V."]

1. e4 c5 2. Nf3 Nc6 3. d4 cxd4 4. Nxd4 e5 5. Nb5 d6 6. N1c3 a6 7. Na3 b5 8. Nd5
Be6 9. c4 b4 10. Nc2 Rb8 11. Nce3 a5 12. Bd3 Be7 13. O-O Nf6 14. Nxe7 Nxe7 15.
Nd5 Bxd5 16. cxd5 O-O 17. Bg5 Ng6 18. Qf3 h6 19. Bxf6 Qxf6 20. Qxf6 gxf6 21. g3
Kh7 22. Kg2 Rfc8 23. Rac1 Kg7 24. Ba6 Rxc1 25. Rxc1 Ne7 26. Rc7 Kf8 27. Bb7 Ke8
28. Bc6+ Nxc6 29. dxc6 Rb5 30. Rd7 Rc5 31. Rxd6 Ke7 32. Rd5 Rxc6 33. Rxa5 Rc2
34. b3 Kf8 35. Rb5 Rxa2 36. Rxb4 Kg7 37. Rb8 {(=)} 1/2-1/2

[Event "Werner-Ott-Open Kreuzberger Sommer 2014"]
[Site "Berlin"]
[Date "2014.07.10"]
[Round "6.24"]
[White "Strowig, Justin"]
[Black "Baumert, Christian"]
[Result "0-1"]
[WhiteElo "1857"]
[BlackElo "2137"]
[PlyCount "92"]
[EventDate "2014.??.??"]
[WhiteTeam "SG Grün-Weiß Baumschulenweg e.V."]
[BlackTeam "SG Lasker Steglitz-Wilmersdorf"]

1. e4 c6 2. d4 d5 3. Nc3 dxe4 4. f3 e5 5. dxe5 Qxd1+ 6. Nxd1 exf3 7. Nxf3 Bc5
8. Nc3 Bf5 9. Bd3 Bxd3 10. cxd3 Bb4 11. O-O Bxc3 12. bxc3 Na6 13. Rb1 O-O-O 14.
Ng5 Nh6 15. Nxf7 Nxf7 16. Rxf7 Rxd3 17. Bf4 Nc5 18. e6 Nxe6 19. Rfxb7 Rhd8 20.
Rb8+ Kd7 21. R1b7+ Ke8 22. Rxd8+ Kxd8 23. Be5 Rd1+ 24. Kf2 Rd2+ 25. Kg3 Rxa2
26. Bxg7 Nc5 27. Bf6+ Kc8 28. Re7 a5 29. Kf3 Nd7 30. Bd4 c5 31. Be3 Rc2 32.
Rxh7 Rxc3 33. Rh5 a4 34. Rd5 a3 35. h4 a2 36. Rd1 Ne5+ 37. Ke2 Rc2+ 38. Kf1 Nd3
39. Ra1 Rb2 40. Rxa2 Rxa2 41. g4 Kd7 42. h5 Ke6 43. Kg1 c4 44. g5 Ne5 45. g6
Nxg6 46. hxg6 Kf6 0-1

[Event "Werner-Ott-Open Kreuzberger Sommer 2014"]
[Site "Berlin"]
[Date "2014.07.10"]
[Round "6.25"]
[White "Kujawa, Werner"]
[Black "Krefenstein, Sergej"]
[Result "0-1"]
[WhiteElo "1820"]
[BlackElo "2088"]
[PlyCount "86"]
[EventDate "2014.??.??"]
[WhiteTeam "SV Motor Wildau e.V."]
[BlackTeam "TuS Makkabi Berlin e.V."]

1. e4 e6 2. d4 d5 3. Nc3 Nf6 4. Bg5 Be7 5. Bxf6 Bxf6 6. e5 Be7 7. Qg4 O-O 8.
Bd3 c5 9. O-O-O cxd4 10. Nce2 Nc6 11. f4 f5 12. Qh3 Nb4 13. Kb1 Qa5 14. Nc1 Bd7
15. Nge2 Rfc8 16. Nxd4 Qb6 17. Nce2 a5 18. g4 Nxd3 19. Rxd3 fxg4 20. Qxg4 a4
21. f5 exf5 22. Nxf5 Bxf5 23. Qxf5 a3 24. Rb3 Qa6 25. Nf4 axb2 26. Qe6+ Qxe6
27. Nxe6 Ra6 28. Nd4 Rc4 29. Rd1 Rca4 30. Rxb2 Ba3 31. Rxb7 Bb4 32. Rg1 g6 33.
Nb3 Bc3 34. Rg3 Bxe5 35. Rd3 Rxa2 36. c3 Rxh2 37. Rxd5 Bxc3 38. Rc5 Bf6 39.
Rcb5 Raa2 40. Rb8+ Kg7 41. Rd5 Rab2+ 42. Kc1 Kh6 43. Rb7 Bg5+ 0-1